<?xml version="1.0" encoding="UTF-8"?>
<resp>
  <nextPage>https://data.bn.org.pl/api/networks/bibs.marcxml?marc=001+b0000740000741&amp;sinceId=740000742</nextPage>
  <collection>
    <record xmlns='http://www.loc.gov/MARC21/slim'><leader>02523nam a2200673 i 4500</leader><controlfield tag='001'>b0000740000741</controlfield><controlfield tag='005'>20260129074045.3</controlfield><controlfield tag='008'>220223s2006    pl                       </controlfield><controlfield tag='009'>9912857921705606</controlfield><datafield ind1=' ' ind2=' ' tag='020'><subfield code='a'>8386581808</subfield></datafield><datafield ind1=' ' ind2=' ' tag='035'><subfield code='a'>LIS_1LIS_1_18112-48omnis_lis</subfield></datafield><datafield ind1=' ' ind2=' ' tag='035'><subfield code='a'>LIS_1_18112</subfield></datafield><datafield ind1=' ' ind2=' ' tag='035'><subfield code='a'>(PL)b0000740000741</subfield></datafield><datafield ind1=' ' ind2=' ' tag='040'><subfield code='a'>LIS_1</subfield><subfield code='c'>LIS_1</subfield><subfield code='d'>WA N</subfield></datafield><datafield ind1='0' ind2=' ' tag='041'><subfield code='a'>pol</subfield></datafield><datafield ind1=' ' ind2=' ' tag='080'><subfield code='a'>821.111(091)-2</subfield></datafield><datafield ind1=' ' ind2=' ' tag='080'><subfield code='a'>(07)</subfield></datafield><datafield ind1='1' ind2=' ' tag='100'><subfield code='a'>Polańczyk, Danuta</subfield></datafield><datafield ind1='1' ind2='0' tag='245'><subfield code='a'>Romeo i Julia Williama Szekspira /</subfield><subfield code='c'>oprac. Danuta Polańczyk.</subfield></datafield><datafield ind1=' ' ind2=' ' tag='260'><subfield code='a'>Lublin :</subfield><subfield code='b'>Biblioteka Wysyłkowa,</subfield><subfield code='c'>2006.</subfield></datafield><datafield ind1=' ' ind2=' ' tag='300'><subfield code='a'>37 s. ;</subfield><subfield code='c'>17 cm.</subfield></datafield><datafield ind1=' ' ind2=' ' tag='336'><subfield code='a'>Tekst</subfield><subfield code='b'>txt</subfield><subfield code='2'>rdacontent</subfield></datafield><datafield ind1=' ' ind2=' ' tag='337'><subfield code='a'>Bez urządzenia pośredniczącego</subfield><subfield code='b'>n</subfield><subfield code='2'>rdamedia</subfield></datafield><datafield ind1=' ' ind2=' ' tag='338'><subfield code='a'>Wolumin</subfield><subfield code='b'>nc</subfield><subfield code='2'>rdacarrier</subfield></datafield><datafield ind1=' ' ind2=' ' tag='380'><subfield code='a'>Książki</subfield></datafield><datafield ind1='1' ind2=' ' tag='490'><subfield code='a'>Biblioteczka Opracowań ;</subfield><subfield code='v'>nr 14</subfield></datafield><datafield ind1=' ' ind2=' ' tag='504'><subfield code='a'>Bibliogr. s. 37.</subfield></datafield><datafield ind1='1' ind2='9' tag='600'><subfield code='a'>Shakespeare, William</subfield><subfield code='d'>(1564-1616)</subfield><subfield code='t'>&quot;Romeo i Julia</subfield><subfield code='v'>materiały pomocnicze dla szkół</subfield></datafield><datafield ind1='1' ind2='0' tag='600'><subfield code='a'>Shakespeare, William</subfield><subfield code='d'>(1564-1616).</subfield><subfield code='t'>Romeo and Juliet</subfield></datafield><datafield ind1=' ' ind2='9' tag='650'><subfield code='a'>Dramat angielski</subfield><subfield code='x'>historia</subfield><subfield code='y'>16 w.</subfield><subfield code='v'>materiały pomocnicze dla szkół</subfield></datafield><datafield ind1=' ' ind2='0' tag='830'><subfield code='a'>Biblioteczka Opracowań</subfield><subfield code='v'>z. nr 14</subfield></datafield><datafield ind1=' ' ind2=' ' tag='852'><subfield code='8'>227561720007773</subfield><subfield code='j'>1</subfield><subfield code='b'>WIE_1_F1</subfield><subfield code='p'>552014657000</subfield><subfield code='c'>G</subfield></datafield><datafield ind1=' ' ind2=' ' tag='852'><subfield code='8'>224690950008218</subfield><subfield code='j'>1</subfield><subfield code='b'>TL_4_1</subfield><subfield code='p'>FW05821</subfield><subfield code='c'>TL_4_1_2</subfield></datafield><datafield ind1=' ' ind2=' ' tag='852'><subfield code='8'>225410750007908</subfield><subfield code='j'>1</subfield><subfield code='b'>LIS_1_1</subfield><subfield code='p'>115000338241</subfield><subfield code='c'>GBP</subfield></datafield><datafield ind1=' ' ind2=' ' tag='852'><subfield code='8'>225410750007908</subfield><subfield code='j'>1</subfield><subfield code='b'>LIS_1_1</subfield><subfield code='p'>115000338210</subfield><subfield code='c'>GBP</subfield></datafield><datafield ind1=' ' ind2=' ' tag='852'><subfield code='8'>2237047700007771</subfield><subfield code='j'>1</subfield><subfield code='b'>CHE_1_F3</subfield><subfield code='p'>K834827</subfield><subfield code='c'>W</subfield></datafield><datafield ind1=' ' ind2=' ' tag='852'><subfield code='8'>22805850620008210</subfield><subfield code='j'>1</subfield><subfield code='b'>F03</subfield><subfield code='p'>10402146</subfield><subfield code='c'>UBYTKI_F03</subfield></datafield><datafield ind1=' ' ind2=' ' tag='852'><subfield code='8'>22805850620008210</subfield><subfield code='j'>1</subfield><subfield code='b'>F03</subfield><subfield code='p'>10402161</subfield><subfield code='c'>UBYTKI_F03</subfield></datafield><datafield ind1=' ' ind2=' ' tag='852'><subfield code='8'>22778295900008415</subfield><subfield code='j'>1</subfield><subfield code='b'>KP</subfield><subfield code='p'>000027410110</subfield><subfield code='c'>WG</subfield><subfield code='z'>Opr m MAG</subfield></datafield><datafield ind1=' ' ind2=' ' tag='852'><subfield code='8'>22759085570008415</subfield><subfield code='j'>1</subfield><subfield code='b'>KP</subfield><subfield code='p'>000030444362</subfield><subfield code='c'>WG</subfield><subfield code='z'>Opr m</subfield></datafield><datafield ind1=' ' ind2=' ' tag='852'><subfield code='8'>22755011860008412</subfield><subfield code='j'>1</subfield><subfield code='b'>03</subfield><subfield code='p'>12972937</subfield><subfield code='c'>03WYP</subfield></datafield><datafield ind1=' ' ind2=' ' tag='852'><subfield code='8'>22746054600008414</subfield><subfield code='j'>1</subfield><subfield code='b'>143WG</subfield><subfield code='p'>14301-100373142</subfield><subfield code='c'>W</subfield><subfield code='z'>Wariant wydania: 2006</subfield></datafield><datafield ind1=' ' ind2=' ' tag='852'><subfield code='b'>48OMNIS_WIE</subfield><subfield code='8'>991000043029707773</subfield></datafield><datafield ind1=' ' ind2=' ' tag='852'><subfield code='b'>48OMNIS_TL</subfield><subfield code='8'>991000375309608218</subfield></datafield><datafield ind1=' ' ind2=' ' tag='852'><subfield code='b'>48OMNIS_LIS</subfield><subfield code='8'>991000007409707908</subfield></datafield><datafield ind1=' ' ind2=' ' tag='852'><subfield code='b'>48OMNIS_CHE</subfield><subfield code='8'>9985824007771</subfield></datafield><datafield ind1=' ' ind2=' ' tag='852'><subfield code='b'>48OMNIS_MBPG</subfield><subfield code='8'>991002377949708210</subfield></datafield><datafield ind1=' ' ind2=' ' tag='852'><subfield code='b'>48OMNIS_KPS</subfield><subfield code='8'>990004479890208415</subfield></datafield><datafield ind1=' ' ind2=' ' tag='852'><subfield code='b'>48OMNIS_KBP</subfield><subfield code='8'>990001366960108412</subfield></datafield><datafield ind1=' ' ind2=' ' tag='852'><subfield code='b'>48OMNIS_WBP</subfield><subfield code='8'>990009250330308414</subfield></datafield><datafield ind1=' ' ind2=' ' tag='852'><subfield code='b'>48OMNIS_NETWORK</subfield><subfield code='8'>9912857921705606</subfield></datafield><datafield ind1=' ' ind2=' ' tag='920'><subfield code='a'>83-86581-80-8</subfield></datafield></record>
  </collection>
</resp>
